Conference of state population commissions councils held on 25th september 2002 in New Delhi: (Record no. 222523)
[ view plain ]
| 000 -LEADER | |
|---|---|
| fixed length control field | 00710nam a22002057a 4500 |
| 005 - DATE AND TIME OF LATEST TRANSACTION | |
| control field | 20220423121329.0 |
| 008 - FIXED-LENGTH DATA ELEMENTS--GENERAL INFORMATION | |
| fixed length control field | 220420b ||||| |||| 00| 0 eng d |
| 040 ## - CATALOGING SOURCE | |
| Transcribing agency | Aloy |
| 041 ## - LANGUAGE CODE | |
| Language code of text/sound track or separate title | eng |
| 082 ## - DEWEY DECIMAL CLASSIFICATION NUMBER | |
| Edition number | 23 |
| Classification number | 304.954 |
| Item number | INDC |
| 100 ## - MAIN ENTRY--PERSONAL NAME | |
| Personal name | Government of India |
| 100 ## - MAIN ENTRY--PERSONAL NAME | |
| 9 (RLIN) | 31341 |
| 245 ## - TITLE STATEMENT | |
| Title | Conference of state population commissions councils held on 25th september 2002 in New Delhi: |
| Remainder of title | Proceedings and an overview of the demographic scenario in India |
| 260 ## - PUBLICATION, DISTRIBUTION, ETC. | |
| Place of publication, distribution, etc. | New Delhi |
| Name of publisher, distributor, etc. | National Commission on Population |
| Date of publication, distribution, etc. | 2002 |
| 300 ## - PHYSICAL DESCRIPTION | |
| Extent | 275 p. |
| Other physical details | PB |
| Dimensions | 24x18 cm |
| 365 ## - TRADE PRICE | |
| Source of price type code | Sociology |
| 650 ## - SUBJECT ADDED ENTRY--TOPICAL TERM | |
| Topical term or geographic name entry element | Population |
| 9 (RLIN) | 30661 |
| 650 ## - SUBJECT ADDED ENTRY--TOPICAL TERM | |
| Topical term or geographic name entry element | Demographic Scenario |
| 9 (RLIN) | 30662 |
| 700 ## - ADDED ENTRY--PERSONAL NAME | |
| Personal name | INDIA (Government of) |
| 9 (RLIN) | 30663 |
| 942 ## - ADDED ENTRY ELEMENTS (KOHA) | |
| Source of classification or shelving scheme | Dewey Decimal Classification |
| Koha item type | George Fernandes Collections |
| Withdrawn status | Lost status | Source of classification or shelving scheme | Damaged status | Not for loan | Collection code | Home library | Current library | Date acquired | Total Checkouts | Full call number | Barcode | Date last seen | Price effective from | Koha item type |
|---|---|---|---|---|---|---|---|---|---|---|---|---|---|---|
| Dewey Decimal Classification | Sociology | St Aloysius Library | St Aloysius Library | 03/24/2013 | 304.954 INDC | GF00641 | 04/20/2022 | 04/20/2022 | George Fernandes Collections |